00786cam a2200205 a 4500020002900000020002400029040000800053082002600061100002500087245004500112250001200157260004300169300003300212520023400245650002200479650002200501650002000523650001500543700002200558 a1562470787 (hardcover) : a1562470779 (pbk.) : cDLC00a813 PLA 1993 A094 Or.1 aPorter, Connie Rose,10aAddy learns a lesson :ba school story / a1st ed. aMiddleton, WI :bPleasant Co.,cc1993. a68 p. :bcol. ill. ;c22 cm. aAfter their escape from North Carolina to Philadelphia in the summer of 1864, Addy and her mother begin their new life as free people as her mother gets a paying job and Addy goes to school and learns a lesson in true friendship. 0aAfrican Americans 1aAfrican Americans 1aFugitive slaves 1aFriendship1 aRosales, Melodye,